Extraordinary popular delusions and the madness of crowds and Confusión de confusiones

Extraordinary Popular Delusions and Confusión de Confusiones take us from Tulipmania in 1634-when tulips actually traded at a higher price than gold-to the South Sea "bubble" of 1720, and beyond. Securities analyst and author Martin Fridson guides you on a quirky, entertaining, and intrig...

Fuld beskrivelse

Đã lưu trong:
Bibliografiske detaljer
Hovedforfatter: Mackay, Charles
Format: Bog
Sprog:Undetermined
Udgivet: New York Wiley 1996
Fag:
Tags: Tilføj Tag
Ingen Tags, Vær først til at tagge denne postø!
Thư viện lưu trữ: Trung tâm Học liệu Trường Đại học Cần Thơ
LEADER 01619nam a2200217Ia 4500
001 CTU_157626
008 210402s9999 xx 000 0 und d
020 |c 34.95 
082 |a 001.9 
082 |b M153 
100 |a Mackay, Charles 
245 0 |a Extraordinary popular delusions and the madness of crowds and Confusión de confusiones 
245 0 |c Author: Charles Mackay, Josef Penso de la Vega ; Martin S. Fridson, editor 
260 |a New York 
260 |b Wiley 
260 |c 1996 
520 |a Extraordinary Popular Delusions and Confusión de Confusiones take us from Tulipmania in 1634-when tulips actually traded at a higher price than gold-to the South Sea "bubble" of 1720, and beyond. Securities analyst and author Martin Fridson guides you on a quirky, entertaining, and intriguing journey back through time. Chosen by the Financial Times as Two of the Ten Best Books Ever Written on Investment Critical Praise . . . "This is the most important book ever written about crowd psychology and, by extension, about financial markets. A serious student of the markets and even anyone interested in the extremes of human behavior should read this book!" -Ron Insana, CNBC "In combining 'Extraordinary' with 'Confusion,' the result is not extraordinary confusion. Instead, with clarity, the book sears into modern investor minds the dangers of following the crowd. 
650 |a Common fallacies,Swindlers and swindling,Social psychology,Investments,Stock exchanges 
650 |x Psychological aspects,Psychological aspects 
904 |i Giang 
980 |a Trung tâm Học liệu Trường Đại học Cần Thơ